[Event "Venlo VSV 75 B5"]
[Site "Venlo"]
[Date "2000.08.27"]
[Round "3"]
[White "Lietz, Bertram"]
[Black "Van Leipsig, Ger"]
[Result "0-1"]
[WhiteElo "1544"]
[BlackElo "1564"]
[PlyCount "80"]
[EventDate "2000.08.25"]
[EventType "tourn"]
[EventRounds "3"]
[EventCountry "NED"]
[SourceTitle "EXT 2013"]
[Source "ChessBase"]
[SourceDate "2012.11.22"]
[SourceVersion "1"]
[SourceVersionDate "2012.11.22"]
[SourceQuality "1"]

1. d4 d5 2. Nf3 e6 3. c4 Nf6 4. Nc3 Be7 5. Qc2 b6 6. e4 dxe4 7. Nxe4 Bb7 8. Nxf6+ Bxf6 9. Be2 0-0 10. Be3 Nd7 11. 0-0 Rc8 12. Rad1 Qe7 13. Rfe1 Rfd8 14. a3 c5 15. dxc5 Nxc5 16. Rxd8+ Rxd8 17. b4 Be4 18. Bxc5 Bxc2 19. Bxe7 Bxe7 20. Ne5 Bd6 21. Ng4 a5 22. Ne3 Ba4 23. bxa5 bxa5 24. Bd1 Bc6 25. a4 Rb8 26. Bc2 Bc5 27. Ng4 Rb2 28. Re2 f5 29. Ne5 Bxa4 30. Bd3 Rxe2 31. Bxe2 Bd4 32. Nf3 e5 33. Kf1 Bc3 34. Ne1 e4 35. g3 Bb4 36. f3 Bb3 37. fxe4 fxe4 38. Ng2 a4 39. Ne3 a3 40. Bd1 Bxd1 0-1